African Countries by Largest Non-Capital City - Statistics

General Stats
  • This quiz has been taken 234 times
  • The average score is 20 of 54
Answer Stats
Largest City Country % Correct
Alexandria Egypt
99%
Johannesburg South Africa
96%
Casablanca Morocco
94%
Dar es Salaam Tanzania
93%
Lagos Nigeria
92%
Abidjan Cote d'Ivoire
90%
Mombasa Kenya
89%
Benghazi Libya
86%
Oran Algeria
71%
Douala Cameroon
71%
Lubumbashi D. R. Congo
63%
Sfax Tunisia
57%
Cabinda Angola
52%
Kumasi Ghana
49%
Omdurman Sudan
48%
Hargeisa Somalia
43%
Dire Dawa Ethiopia
41%
Blantyre Malawi
40%
Bulawayo Zimbabwe
40%
Pointe-Noire Rep. of the Congo
38%
Bobo-Dioulasso Burkina Faso
36%
Ali Sabieh Djibouti
33%
Bata Equatorial Guinea
33%
Francistown Botswana
29%
Port-Gentil Gabon
29%
Zinder Niger
26%
Bo Sierra Leone
25%
Assab Eritrea
24%
Serekunda Gambia
24%
Kitwe Zambia
24%
Abomey-Calavi Benin
23%
Bimbo C.A.R
22%
Nampula Mozambique
22%
Manzini Swaziland
21%
Trindade Sao Tome and Principe
20%
Toamasina Madagascar
19%
Sikasso Mali
19%
Hlotse Lesotho
17%
Beau Bassin-Rose Hill Mauritius
17%
Thiès Senegal
17%
Sokodé Togo
17%
Moundou Chad
16%
Anse Etoile Seychelles
15%
Mindelo Cape Verde
14%
Guéckédou Guinea
14%
Kiffa Mauritania
14%
Gitarama Rwanda
14%
Rundu Namibia
13%
Yei South Sudan
13%
Mutsamudu Comoros
12%
Gbarnga Liberia
12%
Gulu Uganda
12%
Gabú Guinea-Bissau
11%
Muyinga Burundi
10%
No matching quizzes found
Score Distribution
Percent of People with Each Score
Percentile by Number Answered
Your Score History
You have not taken this quiz